Top 5 comuni più popolosi per provincia - Sardegna - Statistics

Statistiche generali
  • Questo quiz è stato fatto 71 volte
  • Il punteggio medio è 15 su 25
Statistiche sulle risposte
Provincia Comune N° abitanti % Corretto
Cagliari Cagliari 147.378
95%
Nuoro Nuoro 33.611
95%
Oristano Oristano 30.273
95%
Sassari Sassari 120.875
95%
Olbia 61.495
90%
Quartu Sant'Elena 68.463
90%
Alghero 42.265
85%
Sud Sardegna Carbonia 25.990
83%
Iglesias 24.903
83%
Porto Torres 21.020
68%
Tortolì 10.976
60%
Assemini 25.757
58%
Santa Giusta 4.602
55%
Villacidro 13.105
55%
Macomer 9.193
53%
Selargius 28.392
50%
Bosa 7.400
45%
Cabras 8.821
40%
Capoterra 23.175
40%
Terralba 9.649
40%
Siniscola 11.135
35%
Sorso 14.393
35%
Dorgali 8.324
30%
Sant'Antioco 10.570
30%
Guspini 10.851
25%
Nessun quiz corrispondente trovato
Distribuzione punteggi
Percentuale di utenti per punteggio
Percentile per numero di risposta
I tuoi punteggi nel tempo
Non hai fatto questo quiz